Návody na domáce cvičenia

Salvato in:
Dettagli Bibliografici
Autore principale: Daniš, Pavol
Natura: Libro
Lingua:slovacco
Pubblicazione: Bratislava VŠE 1992
Edizione:1. vyd.
Soggetti:
Tags: Aggiungi Tag
Nessun Tag, puoi essere il primo ad aggiungerne!!

MARC

LEADER 00000nam a2200000 4500
001 c000767
005 20221214090056.8
020 |a 80-225-0334-7 
041 0 |a slo 
044 |a SK 
245 1 0 |a Návody na domáce cvičenia  |c Pavol Daniš 
250 |a 1. vyd. 
264 1 |a Bratislava  |b VŠE  |c 1992 
300 |a 40 s. 
610 2 0 |a telovýchova 
100 1 |a Daniš, Pavol